[Event "Klatovy op-B 23rd"]
[Site "Klatovy"]
[Date "2017.07.05"]
[Round "5"]
[White "Maly, Jiri"]
[Black "Vilimek, Vit"]
[Result "1-0"]
[WhiteElo "1646"]
[BlackElo "1276"]
[PlyCount "87"]
[EventDate "2017.07.01"]
[EventType "swiss"]
[EventRounds "9"]
[EventCountry "CZE"]
[SourceTitle "EXT 2018"]
[Source "ChessBase"]
[SourceDate "2017.10.13"]
[SourceVersion "1"]
[SourceVersionDate "2017.10.13"]
[SourceQuality "1"]

1. e4 e5 2. Nf3 Nc6 3. Bb5 Nf6 4. 0-0 a6 5. Ba4 b5 6. Bb3 d6 7. Re1 Bb7 8. c3 d5 9. exd5 Nxd5 10. d4 Bd6 11. Bxd5 0-0 12. Bxc6 Bxc6 13. Nxe5 Bb7 14. Qg4 Re8 15. Bd2 Qf6 16. Bg5 Qe6 17. Qxe6 Rxe6 18. Bd2 Rae8 19. Na3 Rd8 20. Bf4 Rde8 21. Nc2 f6 22. Nd3 Be4 23. Bxd6 cxd6 24. Re3 f5 25. f3 f4 26. Rxe4 Rxe4 27. fxe4 Rxe4 28. Kf2 Kf7 29. Kf3 d5 30. Nxf4 Kf6 31. Nxd5+ Kf5 32. Nce3+ Rxe3+ 33. Nxe3+ Ke6 34. Ke4 g6 35. a4 bxa4 36. Rxa4 a5 37. Rxa5 h6 38. Ra6+ Kf7 39. Ke5 h5 40. Ra7+ Kg8 41. Kf6 g5 42. Nf5 g4 43. Kg6 Kf8 44. Ra8# 1-0

[Event "Klatovy op-B 22nd"]
[Site "Klatovy"]
[Date "2016.07.04"]
[Round "3"]
[White "Cizek, Ondrej"]
[Black "Maly, Jiri"]
[Result "1/2-1/2"]
[WhiteElo "1826"]
[BlackElo "1657"]
[PlyCount "73"]
[EventDate "2016.07.02"]
[EventType "swiss"]
[EventRounds "9"]
[EventCountry "CZE"]
[SourceTitle "EXT 2019"]
[Source "ChessBase"]
[SourceDate "2018.10.10"]
[SourceVersion "1"]
[SourceVersionDate "2018.10.10"]
[SourceQuality "1"]

1. e4 c5 2. Nc3 Nc6 3. g3 b6 4. Bg2 Bb7 5. d3 d6 6. Nge2 e6 7. 0-0 Be7 8. Be3 Nf6 9. h3 0-0 10. Qd2 d5 11. exd5 Nxd5 12. Nxd5 exd5 13. d4 cxd4 14. Nxd4 Bf6 15. c3 Ne5 16. Rab1 Rc8 17. h4 Ba6 18. Rfd1 Bd3 19. Nc2 Be4 20. Bxe4 dxe4 21. Qe2 Nf3+ 22. Kg2 Qe7 23. Nd4 Bxd4 24. Bxd4 f5 25. Be3 h6 26. Qb5 Rcd8 27. Rd5 Rxd5 28. Qxd5+ Qf7 29. Qxf7+ Rxf7 30. Rd1 Kh7 31. Rd5 g5 32. hxg5 hxg5 33. Bd4 Kg6 34. Rd6+ Kh5 35. Kh3 Ng1+ 36. Kg2 Nf3 37. Kh3 1/2-1/2

[Event "Teplice op 10th"]
[Site "Teplice"]
[Date "2015.06.20"]
[Round "8"]
[White "Maly, Jiri"]
[Black "Konvalinka, Vladislav"]
[Result "0-1"]
[WhiteElo "1661"]
[BlackElo "1769"]
[PlyCount "83"]
[EventDate "2015.06.13"]
[EventType "swiss"]
[EventRounds "9"]
[EventCountry "CZE"]
[SourceTitle "EXT 2017"]
[Source "ChessBase"]
[SourceDate "2016.10.25"]
[SourceVersion "1"]
[SourceVersionDate "2016.10.25"]
[SourceQuality "1"]

1. d4 d5 2. Nf3 Nc6 3. c4 Bg4 4. e3 e5 5. Be2 dxc4 6. 0-0 exd4 7. Nxd4 Bxe2 8. Qxe2 Ne5 9. Nd2 Qd5 10. N2f3 Nxf3+ 11. Nxf3 0-0-0 12. Bd2 Nf6 13. Bc3 Ne4 14. Rfd1 Nxc3 15. bxc3 Qc5 16. Rxd8+ Kxd8 17. Rd1+ Kc8 18. g3 Be7 19. Rd4 b5 20. Nd2 f5 21. Qf3 c6 22. a4 a6 23. e4 g6 24. axb5 axb5 25. Qe3 Rd8 26. Nf3 fxe4 27. Qxe4 Rd5 28. Qe6+ Kb7 29. Qf7 b4 30. Rxd5 cxd5 31. cxb4 Qxb4 32. Qxd5+ Kb6 33. Nd2 c3 34. Nc4+ Kc7 35. Qd3 Bc5 36. Kf1 Qb3 37. f4 c2 38. Qxb3 c1Q+ 39. Ke2 Qg1 40. Qf3 Qxh2+ 41. Kd3 Qg1 42. Ne5 0-1

[Event "Teplice op 10th"]
[Site "Teplice"]
[Date "2015.06.16"]
[Round "4"]
[White "Fabregas, Oliver"]
[Black "Maly, Jiri"]
[Result "0-1"]
[WhiteElo "1970"]
[BlackElo "1661"]
[PlyCount "78"]
[EventDate "2015.06.13"]
[EventType "swiss"]
[EventRounds "9"]
[EventCountry "CZE"]
[SourceTitle "EXT 2017"]
[Source "ChessBase"]
[SourceDate "2016.10.25"]
[SourceVersion "1"]
[SourceVersionDate "2016.10.25"]
[SourceQuality "1"]

1. e4 c5 2. Nf3 d6 3. Bb5+ Bd7 4. c4 Nc6 5. 0-0 Nf6 6. d3 e6 7. b3 Be7 8. Bb2 Qc7 9. Nbd2 0-0 10. Qe2 a6 11. Bxc6 Bxc6 12. d4 cxd4 13. Nxd4 Bd7 14. f4 e5 15. fxe5 dxe5 16. Nf5 Bc5+ 17. Kh1 Bc6 18. Qf3 Rad8 19. Qg3 Nh5 20. Qc3 f6 21. Rae1 Nf4 22. Rf3 Qd7 23. Nf1 Bxe4 24. Nh6+ gxh6 25. Rxe4 Nd3 26. Qc2 Nxb2 27. Qxb2 Qd1 28. h3 Kh8 29. Kh2 Rd3 30. Rf5 Rd4 31. Re2 Qd3 32. Rf3 Qg6 33. b4 Bd6 34. Rg3 Qf7 35. c5 Bc7 36. Kh1 Qc4 37. a3 e4 38. Ne3 Bxg3 39. Rc2 Rd1+ 0-1

[Event "Teplice op 10th"]
[Site "Teplice"]
[Date "2015.06.14"]
[Round "2"]
[White "Pavlicek, Petr"]
[Black "Maly, Jiri"]
[Result "1-0"]
[WhiteElo "1950"]
[BlackElo "1661"]
[PlyCount "107"]
[EventDate "2015.06.13"]
[EventType "swiss"]
[EventRounds "9"]
[EventCountry "CZE"]
[SourceTitle "EXT 2017"]
[Source "ChessBase"]
[SourceDate "2016.10.25"]
[SourceVersion "1"]
[SourceVersionDate "2016.10.25"]
[SourceQuality "1"]

1. c4 Nf6 2. d4 e6 3. Nf3 c5 4. g3 cxd4 5. Nxd4 Nc6 6. Bg2 Be7 7. 0-0 0-0 8. Nc3 a6 9. a3 Qc7 10. b4 d6 11. Bb2 Rb8 12. Nxc6 bxc6 13. e4 e5 14. Rc1 Be6 15. Nd5 Nxd5 16. exd5 Bd7 17. Qe2 a5 18. dxc6 Bxc6 19. Bxc6 Qxc6 20. b5 Qb7 21. a4 Qd7 22. Rfd1 Qe6 23. Kg2 f5 24. f3 Bf6 25. Ba3 Rfd8 26. Qd2 Be7 27. Qd5 Qxd5 28. Rxd5 Kf7 29. Rcd1 Ke6 30. Kf2 Rbc8 31. b6 Rxc4 32. Rxa5 Rc3 33. Bb4 Rc2+ 34. Rd2 Rxd2+ 35. Bxd2 Rb8 36. Rb5 Bd8 37. a5 Kd7 38. Ke2 Kc6 39. Rb2 Bxb6 40. axb6 Rxb6 41. Rxb6+ Kxb6 42. Kd3 Kc5 43. Bc3 Kd5 44. Bb4 g5 45. Ba3 h5 46. Bc1 f4 47. Bd2 fxg3 48. hxg3 g4 49. f4 Ke6 50. fxe5 dxe5 51. Ke4 Kf6 52. Ba5 Ke6 53. Bd8 Kd6 54. Bf6 1-0

[Event "Klatovy op-B"]
[Site "Klatovy"]
[Date "2013.06.29"]
[Round "1"]
[White "Santora, Ladislav"]
[Black "Maly, Jiri"]
[Result "1-0"]
[WhiteElo "1855"]
[BlackElo "1670"]
[PlyCount "63"]
[EventDate "2013.06.29"]
[EventType "swiss"]
[EventRounds "9"]
[EventCountry "CZE"]
[SourceTitle "EXT 2014"]
[Source "ChessBase"]
[SourceDate "2013.11.20"]
[SourceVersion "1"]
[SourceVersionDate "2013.11.20"]
[SourceQuality "1"]

1. d4 Nf6 2. Nf3 e6 3. Bf4 d5 4. e3 Nbd7 5. Bd3 Be7 6. Nbd2 b6 7. Ne5 Bb7 8. c3 0-0 9. Qf3 c5 10. Qh3 g6 11. Bh6 Re8 12. Ndf3 Nxe5 13. dxe5 Ne4 14. Bb5 a6 15. Bxe8 Qxe8 16. 0-0 Bc8 17. Qg4 f6 18. h4 Qf7 19. Qf4 Bd7 20. exf6 Bxf6 21. Ne5 Bxe5 22. Qxe5 Rc8 23. f3 Nd2 24. Rf2 Nc4 25. Qf4 Qxf4 26. exf4 d4 27. cxd4 cxd4 28. Rd1 Ne3 29. Rxd4 Rc1+ 30. Kh2 Nf1+ 31. Rxf1 Rxf1 32. Rxd7 1-0

[Event "Teplice op 8th"]
[Site "Teplice"]
[Date "2013.06.21"]
[Round "7"]
[White "Maly, Jiri"]
[Black "Hansen, Henrik Damgaard"]
[Result "0-1"]
[WhiteElo "1669"]
[BlackElo "1801"]
[PlyCount "82"]
[EventDate "2013.06.15"]
[EventType "swiss"]
[EventRounds "9"]
[EventCountry "CZE"]
[SourceTitle "CBM 155 Extra"]
[Source "ChessBase"]
[SourceDate "2013.08.26"]
[SourceVersion "1"]
[SourceVersionDate "2013.08.26"]
[SourceQuality "1"]

1. d4 Nf6 2. c4 c5 3. d5 e6 4. dxe6 fxe6 5. Nc3 Nc6 6. e3 b6 7. g3 Bb7 8. Bg2 a6 9. Nf3 Be7 10. 0-0 0-0 11. b3 Qc7 12. Bb2 Rad8 13. Qc2 d5 14. cxd5 Nb4 15. Qe2 exd5 16. a3 Nc6 17. Ng5 Bc8 18. Qc2 g6 19. Ne2 Ne8 20. f4 Bf6 21. Bxf6 Nxf6 22. Rac1 Rd6 23. e4 Nxe4 24. Bxe4 dxe4 25. Qc4+ Kg7 26. Nxe4 Re6 27. N2c3 Nd4 28. b4 Qc6 29. Rce1 h6 30. Qd5 Qxd5 31. Nxd5 Bb7 32. Nec3 Rxe1 33. Rxe1 Nf3+ 34. Kf2 Nxe1 35. Kxe1 cxb4 36. axb4 Re8+ 37. Kf2 b5 38. Nc7 Re7 39. N3d5 Rd7 40. Ke3 Rxd5 41. Nxd5 Bxd5 0-1

[Event "Teplice op 7th"]
[Site "Teplice"]
[Date "2012.06.17"]
[Round "2"]
[White "Maly, Jiri"]
[Black "Kotrba, Matej"]
[Result "0-1"]
[WhiteElo "1675"]
[BlackElo "1942"]
[PlyCount "44"]
[EventDate "2012.06.16"]
[EventType "swiss"]
[EventRounds "9"]
[EventCountry "CZE"]
[SourceTitle "CBM 149 Extra"]
[Source "ChessBase"]
[SourceDate "2012.08.24"]
[SourceVersion "1"]
[SourceVersionDate "2012.08.24"]
[SourceQuality "1"]

1. c4 Nf6 2. Nc3 c6 3. g3 d5 4. cxd5 cxd5 5. d4 Bf5 6. Bg2 e6 7. a3 Bd6 8. Nf3 Nc6 9. 0-0 a6 10. b4 Rc8 11. Bb2 h5 12. Na4 h4 13. Ne5 hxg3 14. fxg3 Bxe5 15. dxe5 Ng4 16. Qd2 Rxh2 17. Nc5 Qe7 18. Bxd5 Rd8 19. Bxc6+ bxc6 20. Qe1 Qg5 21. Rf4 Qh5 22. Qc3 Rh1+ 0-1

[Event "Teplice op 6th"]
[Site "Teplice"]
[Date "2011.06.19"]
[Round "9"]
[White "Krehla, Milan"]
[Black "Maly, Jiri"]
[Result "0-1"]
[WhiteElo "1831"]
[BlackElo "1690"]
[PlyCount "68"]
[EventDate "2011.06.11"]
[EventType "swiss"]
[EventRounds "9"]
[EventCountry "CZE"]
[SourceTitle "CBM 142 Extra"]
[Source "ChessBase"]
[SourceDate "2011.06.27"]
[SourceVersion "1"]
[SourceVersionDate "2011.06.27"]
[SourceQuality "1"]

1. e4 c5 2. Nf3 Nc6 3. Bc4 e6 4. 0-0 g6 5. d3 Bg7 6. Nc3 a6 7. a3 d6 8. Ne2 Nge7 9. c3 0-0 10. Ng3 b5 11. Ba2 Bb7 12. h4 Ne5 13. Ng5 Qd7 14. h5 h6 15. Nh3 c4 16. d4 Nd3 17. Bb1 Nxc1 18. Qxc1 g5 19. Nxg5 hxg5 20. Qxg5 f6 21. Qg4 Kf7 22. e5 f5 23. Qg5 dxe5 24. h6 Bf6 25. Qh5+ Ng6 26. Nxf5 e4 27. Ne3 Rh8 28. Ng4 Qd5 29. Qh3 Nf4 30. Qe3 Qg5 31. Bxe4 Bxe4 32. Qxe4 Qxg4 33. Qb7+ Be7 34. g3 Rag8 0-1

[Event "Teplice op 6th"]
[Site "Teplice"]
[Date "2011.06.18"]
[Round "8"]
[White "Maly, Jiri"]
[Black "Srkal, Miroslav"]
[Result "1/2-1/2"]
[WhiteElo "1690"]
[BlackElo "1828"]
[PlyCount "61"]
[EventDate "2011.06.11"]
[EventType "swiss"]
[EventRounds "9"]
[EventCountry "CZE"]
[SourceTitle "CBM 142 Extra"]
[Source "ChessBase"]
[SourceDate "2011.06.27"]
[SourceVersion "1"]
[SourceVersionDate "2011.06.27"]
[SourceQuality "1"]

1. e4 c5 2. Nc3 Nc6 3. g3 g6 4. Bg2 Bg7 5. d3 d6 6. Be3 e6 7. Nge2 Nge7 8. 0-0 0-0 9. Rb1 Nd4 10. Qd2 Nec6 11. Nd1 e5 12. c3 Nxe2+ 13. Qxe2 Be6 14. b3 Qd7 15. Qd2 b6 16. Bh6 Ne7 17. Bxg7 Kxg7 18. d4 Rad8 19. d5 Bh3 20. f3 Bxg2 21. Kxg2 f5 22. exf5 Nxf5 23. Ne3 Nxe3+ 24. Qxe3 Rf5 25. c4 Rdf8 26. Rf2 Qd8 27. Re1 g5 28. Ref1 R8f6 29. Qe4 Qf8 30. a3 a6 31. Re1 1/2-1/2

[Event "Teplice op 6th"]
[Site "Teplice"]
[Date "2011.06.16"]
[Round "6"]
[White "Maly, Jiri"]
[Black "Seliger, Bedrich"]
[Result "1-0"]
[WhiteElo "1690"]
[BlackElo "1837"]
[PlyCount "85"]
[EventDate "2011.06.11"]
[EventType "swiss"]
[EventRounds "9"]
[EventCountry "CZE"]
[SourceTitle "CBM 142 Extra"]
[Source "ChessBase"]
[SourceDate "2011.06.27"]
[SourceVersion "1"]
[SourceVersionDate "2011.06.27"]
[SourceQuality "1"]

1. e4 c5 2. Nc3 Nc6 3. g3 g6 4. Bg2 Bg7 5. Nge2 e6 6. 0-0 Nge7 7. Nf4 b6 8. d3 Bb7 9. Be3 Rc8 10. Rb1 Nd4 11. Bxd4 cxd4 12. Nb5 d6 13. Ne2 e5 14. c3 a6 15. Na3 dxc3 16. bxc3 b5 17. Rb4 0-0 18. Nc2 d5 19. a4 Bc6 20. axb5 Bxb5 21. exd5 Qd7 22. c4 Ba4 23. Nc3 Bxc2 24. Qxc2 Qd6 25. Rfb1 Nf5 26. Ne4 Qd8 27. Bh3 Nd4 28. Qa2 f5 29. Nc3 Ra8 30. Bg2 f4 31. Be4 fxg3 32. hxg3 h5 33. Rb6 g5 34. d6 Rc8 35. c5+ Kh8 36. Kg2 h4 37. Rf1 hxg3 38. Rh1+ Bh6 39. f3 g4 40. d7 gxf3+ 41. Bxf3 Rxc5 42. Rhxh6+ Kg7 43. Rhf6 1-0

[Event "Teplice op 5th"]
[Site "Teplice"]
[Date "2010.06.18"]
[Round "7"]
[White "Straslipka, Jiri"]
[Black "Maly, Jiri"]
[Result "0-1"]
[WhiteElo "1931"]
[BlackElo "1720"]
[PlyCount "96"]
[EventDate "2010.06.12"]
[EventType "swiss"]
[EventRounds "9"]
[EventCountry "CZE"]
[SourceTitle "CBM 136 Extra"]
[Source "ChessBase"]
[SourceDate "2010.07.02"]
[SourceVersion "2"]
[SourceVersionDate "2010.07.15"]
[SourceQuality "1"]

1. d4 Nf6 2. Nf3 d5 3. Bg5 e6 4. Nbd2 c5 5. e3 cxd4 6. Nxd4 Be7 7. c3 a6 8. Bd3 Nbd7 9. N4b3 b6 10. Bf4 Bb7 11. Qe2 0-0 12. f3 Nh5 13. Bg3 Nxg3 14. hxg3 g6 15. f4 Nc5 16. Nxc5 bxc5 17. 0-0-0 Qa5 18. Rh6 Kg7 19. Rdh1 Rh8 20. Kb1 c4 21. Bc2 Qb6 22. Bd1 Rab8 23. Nf3 f6 24. Nd4 Bc8 25. Qc2 e5 26. g4 exd4 27. exd4 f5 28. Qe2 Bd6 29. g3 fxg4 30. Qh2 Bf5+ 31. Ka1 Qc7 32. Rxh7+ Rxh7 33. Qxh7+ Kf6 34. Qh4+ Ke6 35. Re1+ Kd7 36. Ba4+ Kc8 37. Qf6 Kb7 38. Be8 Ka8 39. Bxg6 Qb6 40. Re2 Rf8 41. Qg7 Bc8 42. Bf7 Qb7 43. Qg6 Bxf4 44. Be8 Bxg3 45. b4 Bf5 46. Qc6 Be4 47. a4 Qxc6 48. Bxc6+ Ka7 0-1

[Event "Teplice op 5th"]
[Site "Teplice"]
[Date "2010.06.14"]
[Round "3"]
[White "Hamala, Miroslav"]
[Black "Maly, Jiri"]
[Result "1/2-1/2"]
[WhiteElo "1977"]
[BlackElo "1720"]
[PlyCount "78"]
[EventDate "2010.06.12"]
[EventType "swiss"]
[EventRounds "9"]
[EventCountry "CZE"]
[SourceTitle "CBM 136 Extra"]
[Source "ChessBase"]
[SourceDate "2010.07.02"]
[SourceVersion "2"]
[SourceVersionDate "2010.07.15"]
[SourceQuality "1"]

1. e4 c5 2. Nf3 Nc6 3. Bb5 a6 4. Bxc6 bxc6 5. h3 d6 6. 0-0 e5 7. d3 Nf6 8. Nc3 h6 9. Nh2 d5 10. f4 exf4 11. e5 Nh7 12. Bxf4 Be6 13. Qe2 Be7 14. b3 0-0 15. a4 a5 16. Kh1 Rb8 17. Ng4 Rb4 18. Qf2 Bxg4 19. hxg4 g5 20. Bh2 Rxg4 21. Qe2 Qd7 22. Rf3 Qe6 23. Raf1 f5 24. Nd1 f4 25. Rh3 Rf6 26. Nf2 Rh4 27. Rxh4 gxh4 28. Nh3 Rf5 29. Nxf4 Rxe5 30. Qd2 Qf5 31. Qxa5 Qc8 32. Ng6 Re6 33. Nxe7+ Rxe7 34. Qxc5 Qd7 35. Qd4 h3 36. gxh3 Qxh3 37. Rg1+ Ng5 38. Qg4 Qxg4 39. Rxg4 Kf7 1/2-1/2